LEADER 00539nam 2200169z- 450 001 9910773494903321 035 $a(WsH)locajgb 035 $a(CKB)5490000000495975 035 $a(EXLCZ)995490000000495975 100 $a20230719c2002uuuu -u- - 101 0 $aeng 200 10$aForeign Law Brief: Japan: Products Liability Law - Some Recent Developments 517 $aForeign Law Brief 906 $aBOOK 912 $a9910773494903321 996 $aForeign Law Brief: Japan: Products Liability Law - Some Recent Developments$93668818 997 $aUNINA